000
00311nam a22001337a 4500
008
181105b xxu||||| |||| 00| 0 eng d
020
_a
0618731792
041
_a
eng
080
_2
4th
_a
371
100
_a
46
101
_a
EDU
245
_a
Practicing College Learning Strategies
_c
Hopper,C.H
942
_2
udc
_c
BK
999
_c
51794
_d
51794